[Event "Gibraltar ChallWk1 13th"]
[Site "Gibraltar"]
[Date "2015.01.26"]
[Round "1.20"]
[White "Algars, Olle"]
[Black "Varga, Klara"]
[Result "1/2-1/2"]
[WhiteElo "1960"]
[BlackElo "2145"]
[PlyCount "77"]
[EventDate "2015.01.26"]
[EventType "swiss"]
[EventRounds "5"]
[EventCountry "GGB"]
[SourceTitle "BritBase"]
[Source "www.saund.co.uk"]
[SourceDate "2018.02.10"]
[SourceVersion "1"]
[SourceVersionDate "2018.02.10"]
[SourceQuality "1"]

1. e4 e6 2. d4 d5 3. Nc3 Nc6 4. Nf3 Nf6 5. Bd3 Bb4 6. O-O Bxc3 7. exd5 Nxd4 8.
bxc3 Nxf3+ 9. Qxf3 Qxd5 10. Qg3 O-O 11. Rd1 Qh5 12. Ba3 c5 13. Qc7 b6 14. Bb5
Nd5 15. Qg3 Bb7 16. c4 Nf6 17. Bb2 Qf5 18. Rd7 Nh5 19. Qc3 Rab8 20. Rad1 Qg6
21. f3 Nf4 22. R1d2 h5 23. Qe5 Nh3+ 24. Kh1 Ng5 25. Qg3 a6 26. Be5 h4 27. Qxh4
Ra8 28. Rxb7 axb5 29. cxb5 Rxa2 30. Qg4 f6 31. Rdd7 fxe5 32. Rxg7+ Qxg7 33.
Rxg7+ Kxg7 34. Qxg5+ Kf7 35. Qxe5 Rxc2 36. Qc7+ Kf6 37. Qf4+ Ke7 38. Qc7+ Kf6
39. Qf4+ 1/2-1/2

[Event "Gibraltar ChallWk1 13th"]
[Site "Gibraltar"]
[Date "2015.01.26"]
[Round "1.21"]
[White "Dougherty, Michael"]
[Black "Baliuniene, Margarita"]
[Result "1-0"]
[WhiteElo "2138"]
[BlackElo "1946"]
[PlyCount "57"]
[EventDate "2015.01.26"]
[EventType "swiss"]
[EventRounds "5"]
[EventCountry "GGB"]
[SourceTitle "BritBase"]
[Source "www.saund.co.uk"]
[SourceDate "2018.02.10"]
[SourceVersion "1"]
[SourceVersionDate "2018.02.10"]
[SourceQuality "1"]

1. d4 d5 2. c4 e6 3. Nc3 c5 4. e3 Nf6 5. Nf3 Nc6 6. a3 cxd4 7. exd4 dxc4 8.
Bxc4 Be7 9. O-O O-O 10. Re1 Nd5 11. Qd3 Nxc3 12. bxc3 Bf6 13. Bb3 b6 14. Bc2 g6
15. Bh6 Bg7 16. Bxg7 Kxg7 17. h4 h5 18. Ng5 Ne7 19. Qf3 Ba6 20. Bb3 Rc8 21.
Bxe6 f6 22. Nh3 Rc7 23. Nf4 Qd6 24. Bb3 Bc8 25. Qg3 Kh7 26. Rxe7+ Rxe7 27.
Qxg6+ Kh8 28. Qh6+ Rh7 29. Ng6# 1-0

[Event "Gibraltar ChallWk1 13th"]
[Site "Gibraltar"]
[Date "2015.01.26"]
[Round "1.22"]
[White "Ruiz Manrique, Joaquin"]
[Black "Burrows, Martin P"]
[Result "0-1"]
[WhiteElo "1945"]
[BlackElo "2136"]
[PlyCount "52"]
[EventDate "2015.01.26"]
[EventType "swiss"]
[EventRounds "5"]
[EventCountry "GGB"]
[SourceTitle "BritBase"]
[Source "www.saund.co.uk"]
[SourceDate "2018.02.10"]
[SourceVersion "1"]
[SourceVersionDate "2018.02.10"]
[SourceQuality "1"]

1. e4 e6 2. d4 d5 3. e5 c5 4. c3 Nc6 5. Nf3 Bd7 6. a3 f6 7. exf6 Nxf6 8. Bd3
Bd6 9. O-O O-O 10. Bg5 Qc7 11. dxc5 Bxc5 12. Bxf6 Rxf6 13. Nd4 Raf8 14. b4 Bxd4
15. cxd4 Nxd4 16. Bxh7+ Kxh7 17. Qxd4 Bb5 18. Rd1 Rxf2 19. Nd2 Qf4 20. Nf3
Rxg2+ 21. Kxg2 Qxf3+ 22. Kg1 Rf4 23. Qxf4 Qxf4 24. Kg2 d4 25. h4 Bc6+ 26. Kg1
Qg3+ 0-1

[Event "Gibraltar ChallWk1 13th"]
[Site "Gibraltar"]
[Date "2015.01.26"]
[Round "1.23"]
[White "Grabow, Pouelsten Holm"]
[Black "Lochte, Szilvia"]
[Result "1-0"]
[WhiteElo "2134"]
[BlackElo "1934"]
[PlyCount "63"]
[EventDate "2015.01.26"]
[EventType "swiss"]
[EventRounds "5"]
[EventCountry "GGB"]
[SourceTitle "BritBase"]
[Source "www.saund.co.uk"]
[SourceDate "2018.02.10"]
[SourceVersion "1"]
[SourceVersionDate "2018.02.10"]
[SourceQuality "1"]

1. c4 Nf6 2. Nf3 e6 3. e3 b6 4. b3 Bb7 5. Bb2 Be7 6. Be2 c5 7. O-O O-O 8. d4
cxd4 9. Nxd4 a6 10. Nc3 Nc6 11. Rc1 Nxd4 12. Qxd4 Bc5 13. Qf4 Bc6 14. Rfd1 Qc8
15. Qh4 Qb7 16. Qg3 Qb8 17. Bf3 Bxf3 18. Qxf3 Rd8 19. Rc2 Be7 20. Ne4 Nxe4 21.
Qxe4 Qc7 22. Rcd2 Qc6 23. Qg4 f6 24. h4 b5 25. Rc1 Qb6 26. c5 Qa5 27. Rxd7 Rxd7
28. Qxe6+ Kf8 29. Qxd7 Rd8 30. Qf5 Qxa2 31. Bd4 Qxb3 32. c6 1-0

[Event "Gibraltar ChallWk1 13th"]
[Site "Gibraltar"]
[Date "2015.01.26"]
[Round "1.24"]
[White "Rios Gonzalez, Jose Antonio"]
[Black "Kuhne, Detlev"]
[Result "1/2-1/2"]
[WhiteElo "1933"]
[BlackElo "2131"]
[PlyCount "55"]
[EventDate "2015.01.26"]
[EventType "swiss"]
[EventRounds "5"]
[EventCountry "GGB"]
[SourceTitle "BritBase"]
[Source "www.saund.co.uk"]
[SourceDate "2018.02.10"]
[SourceVersion "1"]
[SourceVersionDate "2018.02.10"]
[SourceQuality "1"]

1. d4 d5 2. c4 c6 3. Nf3 Nf6 4. Nc3 a6 5. g3 e6 6. Bg2 Nbd7 7. O-O Be7 8. b3
O-O 9. Bb2 b5 10. Qc2 Bb7 11. a3 bxc4 12. bxc4 c5 13. Rfd1 Qc7 14. cxd5 Nxd5
15. Na4 cxd4 16. Qxc7 Nxc7 17. Rxd4 Nf6 18. Ne5 Bxg2 19. Kxg2 Nb5 20. Nc6 Rfe8
21. Rd3 Rac8 22. Rc1 Bf8 23. Nb6 Rc7 24. a4 Na7 25. Nxa7 Rxa7 26. Rc6 Rb7 27.
Be5 h6 28. e3 1/2-1/2

[Event "Gibraltar ChallWk1 13th"]
[Site "Gibraltar"]
[Date "2015.01.26"]
[Round "1.25"]
[White "Vinas Guerrero, Carlos A"]
[Black "Burke, Mitchell R"]
[Result "1/2-1/2"]
[WhiteElo "2127"]
[BlackElo "1928"]
[PlyCount "78"]
[EventDate "2015.01.26"]
[EventType "swiss"]
[EventRounds "5"]
[EventCountry "GGB"]
[SourceTitle "BritBase"]
[Source "www.saund.co.uk"]
[SourceDate "2018.02.10"]
[SourceVersion "1"]
[SourceVersionDate "2018.02.10"]
[SourceQuality "1"]

1. e4 c5 2. Nf3 d6 3. Nc3 a6 4. d4 cxd4 5. Nxd4 Nf6 6. Be3 e5 7. Nf3 Qc7 8. a4
h6 9. Be2 Be7 10. O-O O-O 11. a5 Be6 12. Nd5 Nxd5 13. exd5 Bf5 14. c4 Nd7 15.
b4 b6 16. axb6 Nxb6 17. Qb3 Qb7 18. Rfd1 Nd7 19. Qa3 Rfb8 20. c5 Qxb4 21. c6
Qxa3 22. Rxa3 Nf6 23. Rxa6 Bd8 24. Nxe5 dxe5 25. d6 Ne8 26. f4 Nxd6 27. Rxd6
Bc7 28. fxe5 f6 29. Bc4+ Kh8 30. Rd1 fxe5 31. Rxa8 Rxa8 32. Rc1 Be4 33. Be6 Ra6
34. Bd7 Ra2 35. Bf2 Ra4 36. Bg3 Ra2 37. Bf2 Ra4 38. Bg3 Ra2 39. Bf2 Ra4 1/2-1/2

[Event "Gibraltar ChallWk1 13th"]
[Site "Gibraltar"]
[Date "2015.01.26"]
[Round "1.26"]
[White "Mulleady, Peter J"]
[Black "Wiedersich, Jens"]
[Result "0-1"]
[WhiteElo "1908"]
[BlackElo "2125"]
[PlyCount "62"]
[EventDate "2015.01.26"]
[EventType "swiss"]
[EventRounds "5"]
[EventCountry "GGB"]
[SourceTitle "BritBase"]
[Source "www.saund.co.uk"]
[SourceDate "2018.02.10"]
[SourceVersion "1"]
[SourceVersionDate "2018.02.10"]
[SourceQuality "1"]

1. f4 c5 2. Nf3 d5 3. e3 Nf6 4. Bb5+ Bd7 5. Qe2 e6 6. O-O Bd6 7. b3 a6 8. Bxd7+
Nbxd7 9. Bb2 Qc7 10. d3 O-O 11. Nbd2 Rfe8 12. Rae1 e5 13. fxe5 Nxe5 14. Nxe5
Bxe5 15. Bxe5 Rxe5 16. Qf3 Qa5 17. Qg3 Rae8 18. Rxf6 Qxd2 19. Ref1 Rxe3 20. Qg5
h6 21. Qg4 h5 22. Qg5 Rxd3 23. Qxh5 gxf6 24. cxd3 Qe3+ 25. Kh1 Qxd3 26. Qg4+
Kf8 27. Qf4 Re6 28. h3 Qc3 29. Qb8+ Kg7 30. Qxb7 d4 31. Rf4 Qc1+ 0-1

[Event "Gibraltar ChallWk1 13th"]
[Site "Gibraltar"]
[Date "2015.01.26"]
[Round "1.27"]
[White "Amgalanbaatar, Ravdanlkhumbuu"]
[Black "Hermes, Geoff R"]
[Result "1-0"]
[WhiteElo "2117"]
[BlackElo "1907"]
[PlyCount "97"]
[EventDate "2015.01.26"]
[EventType "swiss"]
[EventRounds "5"]
[EventCountry "GGB"]
[SourceTitle "BritBase"]
[Source "www.saund.co.uk"]
[SourceDate "2018.02.10"]
[SourceVersion "1"]
[SourceVersionDate "2018.02.10"]
[SourceQuality "1"]

1. e4 d6 2. d4 Nf6 3. Nc3 c6 4. f4 Qa5 5. Nf3 Nxe4 6. Bd2 Nxd2 7. Qxd2 Bg4 8.
Be2 Bxf3 9. Bxf3 e6 10. O-O Be7 11. Rae1 O-O 12. f5 e5 13. Kh1 Nd7 14. Re2 Qc7
15. d5 Rab8 16. Qe3 a6 17. Rd1 c5 18. Be4 b5 19. Rf2 Nf6 20. Qf3 b4 21. Ne2 c4
22. g4 Nxe4 23. Qxe4 Qc5 24. Rf3 f6 25. Rh3 Kf7 26. Rxh7 Rh8 27. Rh5 Rxh5 28.
gxh5 Rh8 29. Qg4 Rh6 30. Qg2 Qe3 31. Rg1 Qg5 32. Ng3 Bf8 33. Qf2 Qg4 34. Qd2
Be7 35. Qg2 Qg5 36. Re1 Rh8 37. h3 Rc8 38. Kh2 c3 39. b3 Rc5 40. Qe4 Qf4 41.
Qg2 Ra5 42. Re4 Qd2 43. Re2 Qxd5 44. Ne4 Qd4 45. Qg6+ Kf8 46. h6 gxh6 47. Rg2
Qd5 48. Qh7 Rxa2 49. Qh8+ 1-0

[Event "Gibraltar ChallWk1 13th"]
[Site "Gibraltar"]
[Date "2015.01.26"]
[Round "1.28"]
[White "Bryant, Richard B E"]
[Black "Holleland, Sigve"]
[Result "1-0"]
[WhiteElo "1904"]
[BlackElo "2116"]
[PlyCount "109"]
[EventDate "2015.01.26"]
[EventType "swiss"]
[EventRounds "5"]
[EventCountry "GGB"]
[SourceTitle "BritBase"]
[Source "www.saund.co.uk"]
[SourceDate "2018.02.10"]
[SourceVersion "1"]
[SourceVersionDate "2018.02.10"]
[SourceQuality "1"]

1. e4 c5 2. Nc3 d6 3. f4 g6 4. Bb5+ Bd7 5. Bxd7+ Qxd7 6. d3 Bg7 7. Nf3 Nc6 8.
O-O Nf6 9. h3 h5 10. Bd2 d5 11. e5 Nh7 12. a4 Nf8 13. Ne2 f6 14. exf6 Bxf6 15.
c3 Ne6 16. Qc2 d4 17. Ng3 dxc3 18. bxc3 O-O-O 19. Rfe1 Nc7 20. Re3 Nb4 21. cxb4
Bxa1 22. Qxc5 Qxa4 23. Rxe7 Rd7 24. Rxd7 Qxd7 25. d4 Rd8 26. Be3 Qa4 27. f5 b6
28. Qc4 Kb7 29. fxg6 Qc6 30. Qxc6+ Kxc6 31. Nxh5 Ne6 32. g7 Rg8 33. Nf6 Rxg7
34. d5+ Kb5 35. Ne8 Re7 36. Nd6+ Kxb4 37. dxe6 Rxe6 38. Nf5 a5 39. N3d4 Bxd4
40. Bxd4 Kc4 41. Bg7 b5 42. h4 b4 43. h5 b3 44. h6 Rxh6 45. Nxh6 a4 46. Bb2 Kb4
47. Nf5 a3 48. Bxa3+ Kxa3 49. Ne3 Kb2 50. Kf2 Kc1 51. Nc4 Kc2 52. Ke3 Kc3 53.
Nd2 b2 54. g4 Kb4 55. g5 1-0

[Event "Gibraltar ChallWk1 13th"]
[Site "Gibraltar"]
[Date "2015.01.26"]
[Round "1.29"]
[White "Osuna Vega, Enrique"]
[Black "Mohnblatt, Daniel"]
[Result "1-0"]
[WhiteElo "2108"]
[BlackElo "1863"]
[PlyCount "33"]
[EventDate "2015.01.26"]
[EventType "swiss"]
[EventRounds "5"]
[EventCountry "GGB"]
[SourceTitle "BritBase"]
[Source "www.saund.co.uk"]
[SourceDate "2018.02.10"]
[SourceVersion "1"]
[SourceVersionDate "2018.02.10"]
[SourceQuality "1"]

1. e4 c6 2. Nf3 d5 3. Nc3 Bg4 4. h3 Bxf3 5. Qxf3 e6 6. d4 dxe4 7. Nxe4 Qxd4 8.
Bd3 Nd7 9. c3 Qd5 10. Qe2 Ne5 11. Bc2 O-O-O 12. O-O Nf6 13. Ng5 Rd7 14. Rd1 Qa5
15. Bf4 h6 16. Nxe6 Re7 17. Rd8+ 1-0

[Event "Gibraltar ChallWk1 13th"]
[Site "Gibraltar"]
[Date "2015.01.26"]
[Round "1.30"]
[White "Ocana, Jeremy"]
[Black "Kandic, Milan"]
[Result "0-1"]
[WhiteElo "1809"]
[BlackElo "2101"]
[PlyCount "54"]
[EventDate "2015.01.26"]
[EventType "swiss"]
[EventRounds "5"]
[EventCountry "GGB"]
[SourceTitle "BritBase"]
[Source "www.saund.co.uk"]
[SourceDate "2018.02.10"]
[SourceVersion "1"]
[SourceVersionDate "2018.02.10"]
[SourceQuality "1"]

1. c4 e5 2. Nc3 Nf6 3. g3 Be7 4. Bg2 O-O 5. e3 c6 6. Nge2 d6 7. b4 Be6 8. Qb3
Qd7 9. d4 Bh3 10. O-O Bxg2 11. Kxg2 e4 12. d5 Qg4 13. Nd4 cxd5 14. cxd5 Nbd7
15. h3 Qg6 16. Nce2 Nh5 17. Bb2 Ne5 18. Nf4 Nxf4+ 19. exf4 Nd3 20. Ne2 Rac8 21.
Bd4 Bf6 22. Kh2 Bxd4 23. Nxd4 Qf6 24. Nb5 a6 25. Na3 Rc3 26. Qa4 Nxf4 27. b5
Qf5 0-1

[Event "Gibraltar ChallWk1 13th"]
[Site "Gibraltar"]
[Date "2015.01.26"]
[Round "1.31"]
[White "Verneuil, Pascal"]
[Black "Flanagan, Samuel"]
[Result "1-0"]
[WhiteElo "2093"]
[BlackElo "1766"]
[PlyCount "81"]
[EventDate "2015.01.26"]
[EventType "swiss"]
[EventRounds "5"]
[EventCountry "GGB"]
[SourceTitle "BritBase"]
[Source "www.saund.co.uk"]
[SourceDate "2018.02.10"]
[SourceVersion "1"]
[SourceVersionDate "2018.02.10"]
[SourceQuality "1"]

1. e4 c5 2. b3 Nc6 3. Bb2 e6 4. e5 g6 5. Na3 f6 6. Nf3 f5 7. Nc4 Nh6 8. d4 Be7
9. d5 exd5 10. Qxd5 Nb4 11. Qd2 Nf7 12. a3 Nc6 13. e6 dxe6 14. Qxd8+ Ncxd8 15.
Bxh8 Nxh8 16. O-O-O Nc6 17. Nd6+ Bxd6 18. Rxd6 Nf7 19. Rd2 Ke7 20. h4 h6 21.
Rg1 e5 22. Bb5 Nd4 23. Nxd4 cxd4 24. f4 a6 25. Be2 Be6 26. fxe5 Nxe5 27. Rxd4
Rc8 28. Kb2 Nc6 29. Rd2 Kf6 30. Bf3 Rc7 31. Re1 g5 32. Rd6 Ne5 33. Bd5 Re7 34.
hxg5+ hxg5 35. Rb6 f4 36. Bxb7 Nd7 37. Rd6 Ne5 38. Bxa6 Ng4 39. Rdxe6+ Rxe6 40.
Rxe6+ Kxe6 41. Bc8+ 1-0

[Event "Gibraltar ChallWk1 13th"]
[Site "Gibraltar"]
[Date "2015.01.26"]
[Round "1.36"]
[White "Boyer Censore, Giuseppe Enmanu"]
[Black "Daneri, Martin"]
[Result "0-1"]
[WhiteElo "1960"]
[BlackElo "2123"]
[PlyCount "124"]
[EventDate "2015.01.26"]
[EventType "swiss"]
[EventRounds "5"]
[EventCountry "GGB"]
[SourceTitle "BritBase"]
[Source "www.saund.co.uk"]
[SourceDate "2018.02.10"]
[SourceVersion "1"]
[SourceVersionDate "2018.02.10"]
[SourceQuality "1"]

1. e4 e6 2. d4 d5 3. Nc3 Bb4 4. e5 c5 5. a3 Bxc3+ 6. bxc3 Ne7 7. Qg4 Ng6 8. Bd3
Qa5 9. Bd2 Qa4 10. Qd1 b6 11. Nf3 Ba6 12. O-O Nc6 13. Be3 Bxd3 14. cxd3 Qxd1
15. Rfxd1 cxd4 16. cxd4 h6 17. Nd2 Na5 18. Rdc1 Kd7 19. Kf1 Rhc8 20. Ke2 Rxc1
21. Rxc1 Rc8 22. Kd1 Rxc1+ 23. Kxc1 Kc6 24. Kc2 Kb5 25. Nb1 Nh4 26. g3 Nf5 27.
Nc3+ Ka6 28. Ne2 g5 29. g4 Nh4 30. Ng3 Nc6 31. Nh5 Nf3 32. Kc3 Nxh2 33. Nf6 Ne7
34. f4 Nf3 35. fxg5 hxg5 36. Nh7 Nc6 37. Nxg5 Nxg5 38. Bxg5 Kb5 39. Bh6 Ka4 40.
Bf8 a5 41. Bd6 Na7 42. Kd2 Nb5 43. Ke3 Nxa3 44. Kf4 b5 45. Kg5 b4 46. Kf6 b3
47. Kxf7 b2 48. g5 b1=Q 49. g6 Qxd3 50. g7 Qf5+ 51. Ke7 Qg6 52. Kf8 Nb5 53.
g8=Q Qxg8+ 54. Kxg8 Nxd4 55. Kf7 Kb5 56. Ba3 a4 57. Bb2 Kc4 58. Kf6 Kd3 59. Ba3
Ke4 60. Bd6 Nc6 61. Kxe6 d4 62. Kf6 d3 0-1

[Event "Gibraltar ChallWk1 13th"]
[Site "Gibraltar"]
[Date "2015.01.26"]
[Round "1.37"]
[White "Rodriguez Alvarez, Vidal"]
[Black "Tortolero, Cesar"]
[Result "1-0"]
[WhiteElo "2122"]
[BlackElo "1937"]
[PlyCount "83"]
[EventDate "2015.01.26"]
[EventType "swiss"]
[EventRounds "5"]
[EventCountry "GGB"]
[SourceTitle "BritBase"]
[Source "www.saund.co.uk"]
[SourceDate "2018.02.10"]
[SourceVersion "1"]
[SourceVersionDate "2018.02.10"]
[SourceQuality "1"]

1. d4 e6 2. c4 c5 3. d5 Nf6 4. Nc3 exd5 5. cxd5 d6 6. e4 Be7 7. Bd3 O-O 8. h3
a6 9. a4 Qc7 10. Nf3 Re8 11. O-O Bf8 12. Re1 Nbd7 13. Bf4 g6 14. Bf1 Nh5 15.
Bh2 Ne5 16. Nd2 Bh6 17. Bxe5 dxe5 18. Nc4 Qd8 19. g3 Bd7 20. a5 Bb5 21. Nxb5
axb5 22. Nb6 c4 23. Nxa8 Qxa8 24. b3 Qc8 25. Kg2 c3 26. Bxb5 c2 27. Qe2 Rf8 28.
Bc4 c1=Q 29. Raxc1 Bxc1 30. Rxc1 Qd8 31. Qd2 Qd6 32. b4 f5 33. f3 Kg7 34. b5
fxe4 35. fxe4 Qa3 36. Qc3 Qc5 37. Qxe5+ Kh6 38. Rf1 Rxf1 39. Bxf1 Qc2+ 40. Kg1
Qc5+ 41. Kh2 Qe3 42. Bg2 1-0

[Event "Gibraltar ChallWk1 13th"]
[Site "Gibraltar"]
[Date "2015.01.27"]
[Round "2.1"]
[White "Wiedersich, Jens"]
[Black "Menna Barreto, Felipe Kubiaki"]
[Result "0-1"]
[WhiteElo "2125"]
[BlackElo "2247"]
[PlyCount "92"]
[EventDate "2015.01.26"]
[EventType "swiss"]
[EventRounds "5"]
[EventCountry "GGB"]
[SourceTitle "BritBase"]
[Source "www.saund.co.uk"]
[SourceDate "2018.02.10"]
[SourceVersion "1"]
[SourceVersionDate "2018.02.10"]
[SourceQuality "1"]
[TimeControl "7200"]
[WhiteClock "1:50:17"]
[BlackClock "1:50:11"]

1. d4 Nf6 2. c4 g6 3. Nf3 Bg7 4. g3 O-O 5. Bg2 d6 6. O-O Nbd7 7. Nc3 e5 8. dxe5
dxe5 9. h3 c6 10. Be3 Qe7 11. Qc2 Nh5 12. Rad1 f5 13. Bc1 e4 14. Nd4 Nc5 15. b4
Ne6 16. Nxe6 Bxe6 17. c5 a5 18. a3 axb4 19. axb4 Qf7 20. Rd6 Be5 21. Qd2 Nf6
22. Bb2 Bxd6 23. cxd6 Rad8 24. b5 Bd5 25. Qd4 Rxd6 26. Ba3 Rdd8 27. Bxf8 Qxf8
28. bxc6 Bxc6 29. Qc4+ Qf7 30. Qc5 Qe6 31. Qb6 Qe7 32. e3 Nd5 33. Qb3 Qb4 34.
Qxb4 Nxb4 35. Rb1 Nd3 36. Bf1 Ra8 37. g4 Ra3 38. Nb5 Ra2 39. gxf5 gxf5 40. Nd6
Kg7 41. Nxf5+ Kf6 42. Nd4 Ne5 43. Kg2 Nf3 44. Nxc6 bxc6 45. Rc1 Ne5 46. Kg3 Rb2
0-1

[Event "Gibraltar ChallWk1 13th"]
[Site "Gibraltar"]
[Date "2015.01.27"]
[Round "2.2"]
[White "Sanchez Botella, Luis Javier"]
[Black "Grabow, Pouelsten Holm"]
[Result "1-0"]
[WhiteElo "2246"]
[BlackElo "2134"]
[PlyCount "75"]
[EventDate "2015.01.26"]
[EventType "swiss"]
[EventRounds "5"]
[EventCountry "GGB"]
[SourceTitle "BritBase"]
[Source "www.saund.co.uk"]
[SourceDate "2018.02.10"]
[SourceVersion "1"]
[SourceVersionDate "2018.02.10"]
[SourceQuality "1"]
[TimeControl "7200+1115"]
[WhiteClock "0:10:03"]
[BlackClock "0:22:03"]

1. d4 d5 2. c4 c6 3. Nf3 Nf6 4. Nc3 dxc4 5. a4 Bf5 6. e3 e6 7. Bxc4 Bb4 8. O-O
O-O 9. Qe2 Ne4 10. Nxe4 Bxe4 11. Rd1 Nd7 12. Bd2 Qa5 13. Be1 Rad8 14. Nd2 Bxd2
15. Bxd2 Qc7 16. b4 e5 17. Bc3 exd4 18. Rxd4 Bg6 19. Qb2 Nf6 20. Rxd8 Rxd8 21.
Bxf6 gxf6 22. Qxf6 Rd6 23. Qf4 Qd8 24. h4 b6 25. Be2 h5 26. Rc1 Kg7 27. Bf3 Qd7
28. Qe5+ f6 29. Qc3 Be8 30. a5 Qe6 31. Ra1 Qe5 32. Qc1 c5 33. axb6 axb6 34.
bxc5 bxc5 35. Ra5 Rb6 36. Rxc5 Qb8 37. Rc7+ Bf7 38. Qc4 1-0

[Event "Gibraltar ChallWk1 13th"]
[Site "Gibraltar"]
[Date "2015.01.27"]
[Round "2.3"]
[White "Daneri, Martin"]
[Black "Longa Yauca, Javier"]
[Result "0-1"]
[WhiteElo "2123"]
[BlackElo "2245"]
[PlyCount "106"]
[EventDate "2015.01.26"]
[EventType "swiss"]
[EventRounds "5"]
[EventCountry "GGB"]
[SourceTitle "BritBase"]
[Source "www.saund.co.uk"]
[SourceDate "2018.02.10"]
[SourceVersion "1"]
[SourceVersionDate "2018.02.10"]
[SourceQuality "1"]
[TimeControl "7200+1125"]
[WhiteClock "0:07:18"]
[BlackClock "0:06:14"]

1. f4 Nf6 2. Nf3 d5 3. g3 c5 4. Bg2 Nc6 5. O-O Bf5 6. d3 e6 7. c4 Be7 8. Nc3
O-O 9. Ne5 dxc4 10. Bxc6 bxc6 11. Nxc6 Qc7 12. Nxe7+ Qxe7 13. dxc4 Rab8 14. Qe1
Qb7 15. e4 Bxe4 16. Nxe4 Qxe4 17. Qxe4 Nxe4 18. b3 Rbd8 19. Re1 f5 20. Be3 Rd3
21. Rad1 Rfd8 22. Rxd3 Rxd3 23. Kf1 Rc3 24. Re2 Kf7 25. Ke1 h6 26. Kd1 g5 27.
Bc1 Rf3 28. Kc2 Kg6 29. Be3 Kh5 30. b4 cxb4 31. c5 gxf4 32. gxf4 Nxc5 33. Bxc5
Rc3+ 34. Kb2 Rxc5 35. Rxe6 Rc4 36. Ra6 Rxf4 37. Rxa7 Rh4 38. Kb3 Rxh2 39. Kxb4
f4 40. Rf7 Kg5 41. Kb3 Rh3+ 42. Kb2 Re3 43. a4 Kg4 44. Rg7+ Kf3 45. a5 Re6 46.
Kc3 Kf2 47. Kc4 f3 48. Kb5 Ke2 49. a6 f2 50. a7 Re8 51. Re7+ Rxe7 52. a8=Q f1=Q
53. Qa2+ Ke1+ 0-1

[Event "Gibraltar ChallWk1 13th"]
[Site "Gibraltar"]
[Date "2015.01.27"]
[Round "2.4"]
[White "O'Toole, George E"]
[Black "Rodriguez Alvarez, Vidal"]
[Result "0-1"]
[WhiteElo "2242"]
[BlackElo "2122"]
[PlyCount "88"]
[EventDate "2015.01.26"]
[EventType "swiss"]
[EventRounds "5"]
[EventCountry "GGB"]
[SourceTitle "BritBase"]
[Source "www.saund.co.uk"]
[SourceDate "2018.02.10"]
[SourceVersion "1"]
[SourceVersionDate "2018.02.10"]
[SourceQuality "1"]
[TimeControl "7200+12750"]
[WhiteClock "0:02:26"]
[BlackClock "0:03:28"]

1. e4 c5 2. c3 Nf6 3. e5 Nd5 4. d4 cxd4 5. Nf3 d6 6. cxd4 Nc6 7. Bc4 e6 8. O-O
Be7 9. a3 O-O 10. Bd2 Qb6 11. Nc3 dxe5 12. Bxd5 exd5 13. Nxd5 Qd8 14. Nxe7+
Nxe7 15. dxe5 Bg4 16. Bb4 Re8 17. Qb3 Qb6 18. Ng5 Bh5 19. Qh3 Bg6 20. Rad1 h6
21. Nf3 Nc6 22. Bc3 Rad8 23. Rxd8 Qxd8 24. Qg4 Qd3 25. Re1 Bf5 26. Qf4 g5 27.
Qg3 Re6 28. h3 Rg6 29. Re3 Qd1+ 30. Kh2 Be6 31. Nd2 Ne7 32. Rd3 Nf5 33. Qg4 Qc1
34. Qa4 Kh7 35. Qe4 h5 36. g3 Nh6 37. Rf3 Bxh3 38. e6 Ng4+ 39. Qxg4 Bxg4 40.
exf7 Bxf3 41. Nxf3 Rg8 42. Bd2 Qc8 43. fxg8=Q+ Kxg8 44. Nxg5 Qc2 0-1

[Event "Gibraltar ChallWk1 13th"]
[Site "Gibraltar"]
[Date "2015.01.27"]
[Round "2.5"]
[White "Kandic, Milan"]
[Black "Vea, Odin Blikra"]
[Result "0-1"]
[WhiteElo "2101"]
[BlackElo "2242"]
[PlyCount "138"]
[EventDate "2015.01.26"]
[EventType "swiss"]
[EventRounds "5"]
[EventCountry "GGB"]
[SourceTitle "BritBase"]
[Source "www.saund.co.uk"]
[SourceDate "2018.02.10"]
[SourceVersion "1"]
[SourceVersionDate "2018.02.10"]
[SourceQuality "1"]
[TimeControl "7200+1610"]
[WhiteClock "0:00:20"]
[BlackClock "0:48:50"]

1. e4 c5 2. Nf3 d6 3. d4 cxd4 4. Nxd4 Nf6 5. Nc3 g6 6. Be3 Bg7 7. f3 O-O 8. Qd2
Nc6 9. Bc4 Bd7 10. O-O-O Rc8 11. Bb3 Nxd4 12. Bxd4 b5 13. Bxa7 b4 14. Nd5 Nxd5
15. exd5 Qa5 16. Bd4 Ba4 17. Qe3 Bxb3 18. Qxb3 Rc7 19. Bxg7 Kxg7 20. Rhe1 Rfc8
21. Re2 Qc5 22. f4 Ra8 23. Rde1 Rca7 24. c3 bxc3 25. Qxc3+ Qxc3+ 26. bxc3 Rxa2
27. Rxa2 Rxa2 28. Rxe7 Rxg2 29. Rd7 Rxh2 30. Rxd6 Rf2 31. Rb6 h5 32. d6 Kf6 33.
d7+ Ke7 34. Rf6 Kxd7 35. Rxf7+ Ke6 36. Rf8 Ke7 37. Rg8 Kf7 38. Rh8 Rxf4 39. Kd2
h4 40. Ke3 g5 41. Rh7+ Kg6 42. Rh8 Rc4 43. Kd3 Rg4 44. c4 Rg3+ 45. Kd4 h3 46.
c5 g4 47. c6 Rg1 48. c7 Rc1 49. c8=Q Rxc8 50. Rxc8 h2 51. Rh8 g3 52. Rg8+ Kf7
53. Rxg3 h1=Q 54. Re3 Kf6 55. Kd3 Kf5 56. Kd4 Qg2 57. Kd3 Kf4 58. Re2 Qd5+ 59.
Kc3 Qc5+ 60. Kd3 Qa3+ 61. Kd4 Kf3 62. Rc2 Qe3+ 63. Kc4 Ke4 64. Rc3 Qd2 65. Rb3
Qd4+ 66. Kb5 Kd5 67. Rb4 Qc3 68. Ra4 Qc5+ 69. Ka6 Kc6 0-1

[Event "Gibraltar ChallWk1 13th"]
[Site "Gibraltar"]
[Date "2015.01.27"]
[Round "2.6"]
[White "Galmandakh, Badrakh"]
[Black "Amgalanbaatar, Ravdanlkhumbuu"]
[Result "1/2-1/2"]
[WhiteElo "2240"]
[BlackElo "2117"]
[PlyCount "110"]
[EventDate "2015.01.26"]
[EventType "swiss"]
[EventRounds "5"]
[EventCountry "GGB"]
[SourceTitle "BritBase"]
[Source "www.saund.co.uk"]
[SourceDate "2018.02.10"]
[SourceVersion "1"]
[SourceVersionDate "2018.02.10"]
[SourceQuality "1"]
[TimeControl "7200+24000"]
[WhiteClock "1:31:39"]
[BlackClock "1:35:58"]

1. e4 c5 2. Nf3 d6 3. Bb5+ Bd7 4. Bxd7+ Qxd7 5. c4 g6 6. O-O Bg7 7. d4 cxd4 8.
Nxd4 Nc6 9. Be3 Nf6 10. f3 O-O 11. Nc3 Rac8 12. b3 a6 13. Rc1 Rfd8 14. Na4 Rb8
15. Nb6 Qc7 16. Nd5 Qd7 17. Nb6 Qc7 18. Nb5 axb5 19. cxb5 d5 20. bxc6 bxc6 21.
Nxd5 Nxd5 22. exd5 Qe5 23. Re1 Qxd5 24. Qc2 Qa5 25. Re2 Rbc8 26. Bc5 e6 27. b4
Qa6 28. a4 Rd5 29. a5 Qb5 30. Qc4 Qa4 31. Ra2 Rd1+ 32. Rxd1 Qxd1+ 33. Kf2 Rd8
34. a6 Rd2+ 35. Rxd2 Qxd2+ 36. Kg1 Qd1+ 37. Qf1 Bd4+ 38. Bxd4 Qxd4+ 39. Kh1 h5
40. Qg1 Qc3 41. a7 Qa3 42. Qb6 Qa1+ 43. Qg1 Qa3 44. h3 h4 45. Qd4 g5 46. Qd8+
Kh7 47. Qxg5 Qxa7 48. Qxh4+ Kg7 49. Qg5+ Kf8 50. h4 Qd4 51. Qg4 Qd1+ 52. Kh2
Qe1 53. h5 f5 54. Qg6 Qh4+ 55. Kg1 Qe1+ 1/2-1/2